Water research topics /

Bibliographic Details
Other Authors: Lamont, I. M., 1924-
Format: Book
Language:English
Published: Chichester, England : published by E. Horwood for the Water Research Centre ; 1981.
Subjects:

MARC

Tag First Indicator Second Indicator Subfields
LEADER 00000cam a2200000 a 4500
001 in00000073452
005 20151008053503.0
008 810505s19819999enka b 00100 eng
010 |a  81004192  
020 |a 0853123497 (v. 1) :  |c 19.50 
035 |a (OCoLC)07553742 
035 |9 AAH7589AM 
039 0 |a 2  |b 3  |c 3  |d 3  |e 3 
040 |a DLC  |c DLC  |d TXA  |d UtOrBLW 
049 |a TXAM  |c [1803355] 
050 0 0 |a TD355  |b .W38 1981 
245 0 0 |a Water research topics /  |c editor, I.M. Lamont. 
263 |a 8106 
264 1 |a Chichester, England :  |b published by E. Horwood for the Water Research Centre ;  |c 1981. 
264 2 |a New York, N.Y. :  |b Halsted Press [distributor], 
300 |a volumes :  |b illustrations ;  |c 24 cm. 
336 |a text  |b txt  |2 rdacontent 
337 |a unmediated  |b n  |2 rdamedia 
338 |a volume  |b nc  |2 rdacarrier 
504 |a Includes bibliographies and index. 
650 0 |a Water-supply. 
650 0 |a Sewage disposal. 
700 1 |a Lamont, I. M.,  |d 1924- 
999 |a MARS 
999 f f |s 425570d3-a83b-3837-906d-ce4685d19628  |i 4f4870a7-2dc8-38e9-8795-ceb61670f0c1  |t 0 
952 f f |p ric  |a Texas A&M University  |b Rellis Campus  |c Joint Library Facility  |d Remote Storage  |t 0  |e TD355 .W38 1981  |h Library of Congress classification  |i unmediated -- volume  |k v.1  |m A14808194193 
998 f f |a TD355 .W38 1981  |s v.1  |t 0  |l Remote Storage